Logos noir ⚫ & blanc ⚪ - Statistiques

Statistiques générales
  • Ce quiz a été pris 5 469 fois
  • Le résultat moyen est 13 sur 16
Statistiques - réponses
Par images Réponse % Correct
Apple
100%
Adidas
99%
Nike
98%
Zara
97%
The Walt Disney Company
96%
Play Station
94%
Wikipédia
91%
Universal
90%
Sony
89%
Converse
83%
Uber
82%
Nescafé
73%
Braun
70%
MTV
68%
Whirlpool
41%
Steak'n Shake
3%
Aucun quiz correspondant
Distribution des résultats
% des personnes avec chaque résultat
Percentile par nombre de réponses
Votre historique - résultats
Vous n’avez pas pris ce quiz